000 01450cam a2200349 a 4500
001 EDZ0000082910
003 StDuBDS
005 20161031105208.0
006 m||||||||d||||||||
007 cr |||||||||||
008 120427s2010 caua fo| 001|0|eng|d
020 _a9781446251584 (ebook) :
_cNo price
040 _aStDuBDS
_beng
_cStDuBDS
_epn
049 _aAlfaisal Main Library
050 4 _aLC4713.2
082 0 4 _a371.94
_223
100 1 _aWheeler, Linda.
245 1 4 _aThe ADHD toolkit
_h[electronic resource] /
_cLinda Wheeler.
260 _aLos Angeles, [Calif.] ;
_aLondon :
_bSAGE,
_cc2010.
300 _a1 online resource (xviii, 135 p.) :
_bill.
520 8 _aThere is likely to be at least one student in any mainstream class with ADHD, an evolving concept that affects pupils' learning, concentration, behaviour and social relationships. This complete resource outlines the practice for working with students with ADHD.
504 _aIncludes bibliographical references and index.
521 _aSpecialized.
588 _aDescription based on print version record.
650 0 _aAttention-deficit-disordered children
_xEducation.
650 0 _aAttention-deficit hyperactivity disorder.
655 7 _aElectronic books.
_2local
710 2 _aSage eBooks
776 0 8 _iPrint version :
_z9781848601840
856 4 0 _uhttp://ezproxy.alfaisal.edu/login?url=http://sk.sagepub.com/books/the-adhd-toolkit
942 _2lcc
_cEBOOKS
999 _c481432
_d481432